Welcome to the Holygrace Academy Library

Please use search bar below to get started

CARRY ON, JEEVES (Record no. 5005)

MARC details
000 -LEADER
fixed length control field 00616nam a22001457a 4500
020 ## - INTERNATIONAL STANDARD BOOK NUMBER
ISBN 978-0-09-951369-8
082 ## - DEWEY DECIMAL CLASSIFICATION NUMBER
Classification number 823
Item number WOO/C
100 ## - MAIN ENTRY--AUTHOR NAME
Personal name WODEHOUSE
245 ## - TITLE STATEMENT
Title CARRY ON, JEEVES
260 ## - PUBLICATION, DISTRIBUTION, ETC. (IMPRINT)
Place of publication LONDON
Name of publisher ARROW BOOKS
Year of publication 2008
300 ## - PHYSICAL DESCRIPTION
Number of Pages 273
520 ## - SUMMARY, ETC.
Summary, etc The book is considered part of the Jeeves canon. The first story in the book, "Jeeves Takes Charge", describes Jeeves' arrival in his master's life, as a replacement for Wooster's previous, thieving valet, and features Lady Florence Craye, as well as a passing mention of Lord Emsworth and Blandings Castle.
650 ## - SUBJECT ADDED ENTRY--TOPICAL TERM
Topical Term NOVEL
Geographic subdivision UNITED KINGDOM
942 ## - ADDED ENTRY ELEMENTS (KOHA)
Koha item type Books
Holdings
Withdrawn status Lost status Collection code Home library Current library Shelving location Date acquired Source of acquisition Cost, normal purchase price Full call number Accession Number Koha item type
    Fiction Main Library Main Library SHELF 15B-U,V,W SECTION NOVELS& FICTION 18/10/2018 purchase 299.00 823 WOO/C 10293 Books